Guerrieri : Warriors /

সংরক্ষণ করুন:
গ্রন্থ-পঞ্জীর বিবরন
প্রধান লেখক: Ruffo, Giovanni
অন্যান্য লেখক: Peloso, Riccardo
বিন্যাস: গ্রন্থ
ভাষা:ইংরেজি
ইতালিয়
প্রকাশিত: Milano : Babilonia, c1992.
ট্যাগগুলো: ট্যাগ যুক্ত করুন
কোনো ট্যাগ নেই, প্রথমজন হিসাবে ট্যাগ করুন!

MARC

LEADER 00000nam a2200000 4500
001 CDOM0000000966
003 mi
005 20250828212343.0
008 250828b |||||||| |||| 00| 0 eng d
040 |c mi 
041 |a ita  |a eng 
100 |a Ruffo, Giovanni 
245 1 |a Guerrieri :  |b Warriors /  |c Giovanni Rufo. [pref di Riccardo Peloso] 
260 |a Milano :  |b Babilonia,   |c c1992. 
300 |a [80] p. :   |b per la maggior parte foto. (col.) ;  |c  30 cm. 
500 |a Titolo della prefazione: Nudi, ma non disarmati. 
510 1 |a Warriors 
700 |a Peloso, Riccardo 
942 |2 ddc  |c BK 
952 |0 0  |1 0  |2 ddc  |4 0  |6 AFT_01RUFGIGUE11  |7 0  |9 5236  |a MI  |b MI  |d 2005-07-23  |i 4810  |l 0  |o AFT01-RUFGI-GUE11  |p CDOM4810  |r 2025-07-13 16:27:00  |w 2025-07-13  |x ACQUISTO  |y BK 
952 |0 0  |1 0  |2 ddc  |4 0  |6 AFT_01RUFGIGUE12  |7 0  |9 5237  |a MI  |b MI  |d 2005-07-23  |i 4811  |l 0  |o AFT01-RUFGI-GUE12  |p CDOM4811  |r 2025-07-13 16:27:00  |w 2025-07-13  |x ACQUISTO  |y BK 
952 |0 0  |1 0  |2 ddc  |4 0  |6 AFT_01RUFGIGUE13  |7 0  |9 5238  |a MI  |b MI  |d 2010-03-08  |i 5937  |l 0  |o AFT01-RUFGI-GUE13  |p CDOM5937  |r 2025-07-13 16:27:00  |w 2025-07-13  |x FONDO BABILONIA  |y BK 
999 |c 4180  |d 4180